| 000 | 00448nmm a2200157Ia 4500 | ||
|---|---|---|---|
| 008 | 251105s9999||||xx |||||||||||||||||und|| | ||
| 020 | _a9789587710533 | ||
| 041 | _aspa | ||
| 100 | _aCastro, Robinsón | ||
| 245 | 0 | _aAlgebra desde una perspectiva didáctica | |
| 264 |
_a[Bogotá, Colombia] : _bEcoe Ediciones, _c2014 |
||
| 300 | _a228 páginas | ||
| 650 | _aSciences | ||
| 856 | _uhttps://public.digitaliapublishing.com/a/102893 | ||
| 942 | _cCF | ||
| 999 |
_c96128 _d96128 |
||